| 000 | 00902cam a2200277 4500 | ||
|---|---|---|---|
| 001 | B575 | ||
| 008 | 090401t1982 xxu||||| |||| 00| 0 eng d | ||
| 035 | _a(Sirsi) u36609 | ||
| 041 | _aeng | ||
| 050 | _a333.33 | ||
| 110 |
_aBernard Thorpe and Partners _92958 |
||
| 245 | _aProperty trends quarterly survey .- Vol.1 no.1 (May 1978) - Vol.5 no.2 (Sept. 1982) | ||
| 260 |
_aLondon _bBernard Thorpe and Partners _c1978-1982 |
||
| 300 | _a5v. in 1 : ill. ; 30cm. | ||
| 350 | _a0 | ||
| 520 | _aLacks some issues:library has Vol.1 no.1 (May 1978);Vol.2 no.3 (Oct.1979);Vol.3 no.2 (June 1980) - Vol.3 no.3 (Oct.1980);Vol.4 no.1 (March 1981) - Vol.5 no.2 (Sept.1982). | ||
| 650 | _aFARM LAND | ||
| 650 | _aHOUSE PRICES | ||
| 650 | _aHOUSING MARKET | ||
| 650 | _aINDUSTRIAL PROPERTY | ||
| 650 | _aOFFICES | ||
| 650 | _aPROPERTY MARKET | ||
| 650 | _aSHOPS | ||
| 942 | _n0 | ||
| 948 | _c04/03/1997 | ||
| 999 |
_c90349 _d90349 |
||